Kho tàng truyện cổ các dân tộc thiểu số tỉnh Thừa Thiên Huế
Gồm có 3 phần: Truyện cổ dân tộc Pa-cô; Truyện cổ Pa-hi; Truyện cổ dân tộc Cơ-tu
Saved in:
| Main Author: | |
|---|---|
| Format: | Book |
| Language: | Undetermined |
| Published: |
Hà Nội
Khoa học - Xã hội
2015
|
| Subjects: | |
| Tags: |
Add Tag
No Tags, Be the first to tag this record!
|
| Institutions: | Trung tâm Học liệu Trường Đại học Cần Thơ |
|---|
| LEADER | 00816nam a2200193Ia 4500 | ||
|---|---|---|---|
| 001 | CTU_209528 | ||
| 008 | 210402s9999 xx 000 0 und d | ||
| 082 | |a 398.20959749 | ||
| 082 | |b Ph431/Q.2 | ||
| 100 | |a Trần, Nguyễn Khánh Phong | ||
| 245 | 0 | |a Kho tàng truyện cổ các dân tộc thiểu số tỉnh Thừa Thiên Huế | |
| 245 | 0 | |c Trần Nguyễn Khánh Phong | |
| 260 | |a Hà Nội | ||
| 260 | |b Khoa học - Xã hội | ||
| 260 | |c 2015 | ||
| 520 | |a Gồm có 3 phần: Truyện cổ dân tộc Pa-cô; Truyện cổ Pa-hi; Truyện cổ dân tộc Cơ-tu | ||
| 650 | |a Văn học dân gian Việt Nam,Folk literature, Vietnamese | ||
| 904 | |i Trần Thu Thảo,Hải | ||
| 980 | |a Trung tâm Học liệu Trường Đại học Cần Thơ | ||